| 000 | 00518nam a2200169Ia 4500 | ||
|---|---|---|---|
| 005 | 20250508151103.0 | ||
| 008 | 008 250505s9999 xx 000 0 eng d | ||
| 037 | _aTextual | ||
| 040 |
_aFEDL _beng _cFEDL |
||
| 041 |
_aeng _2eng |
||
| 084 |
_a630.7, GRE _qFEDL |
||
| 245 | 0 | _aReport of the committee on post-war agricultural education in England and Wales | |
| 260 |
_aLondon, UK _bHis Majesty's Stationery Office _c1943 |
||
| 300 | _a92p | ||
| 942 |
_cTEXL _h630.7, GRE |
||
| 999 |
_c1327511 _d1327511 |
||